000 00315nam a22001337a 4500
008 181010b xxu||||| |||| 00| 0 eng d
020 _a9780205773404
041 _aeng
080 _28th
_a159.9
100 _a48
101 _aPSI
245 _aAbnormal Psychology in a changing World
_cNevid,J.S
942 _2udc
_cBK
999 _c49296
_d49296